000 00355nam a2200121Ia 4500
008 180205s9999 xx 000 0 und d
020 _a9789814352666
100 _aGuffey, Mary Ellen
245 _cDu-Babcock, Bertha
_aEssentials of business communication /
250 _a2nd ed
260 _aPasig City
_bCengage learning
_c2011
300 _aiii, 560 pages
999 _c354734
_d354734